Normal view
MARC view
- السعودية-وصف رحلات-تاريخ
Entry Topical Term
001 - CONTROL NUMBER
- control field: 45377
003 - CONTROL NUMBER IDENTIFIER
- control field: JO-AjAnu
005 - DATE AND TIME OF LATEST TRANSACTION
- control field: 20230606081515.0
008 - FIXED-LENGTH DATA ELEMENTS
- fixed length control field: 230606|| aca||aabn | a|a d
040 ## - CATALOGING SOURCE
- Original cataloging agency: JO-AjAnu
- Transcribing agency: JO-AjAnu
150 ## - HEADING--TOPICAL TERM
- Topical term or geographic name entry element: السعودية-وصف رحلات-تاريخ
670 ## - SOURCE DATA FOUND
- Source citation: Work cat.: (JO-AjAnu)23232: أويتنج، يوليوس؛ تحرير بفلمن، كرستين وأوفه؛ ترجمة وتعليق السعيد، سعيد بن فايز, author 45376, رحلة داخل الجزيرة العربية